Stroje na zpracování informací : Sborník II.
Enregistré dans:
| Format: | Livre |
|---|---|
| Langue: | tchèque |
| Publié: |
Praha :
Československá akademie věd,
1954
|
| Tags: |
Pas de tags, Soyez le premier à ajouter un tag!
|
MARC
| LEADER | 00000nam a22000003a 4500 | ||
|---|---|---|---|
| 001 | stu266890 | ||
| 005 | 20150408183034.5 | ||
| 008 | 130520s--------cs------------------cze-d | ||
| 040 | |a STU |b slo | ||
| 041 | 0 | |a cze | |
| 044 | |a cs | ||
| 245 | |a Stroje na zpracování informací : |b Sborník II. | ||
| 260 | |a Praha : |b Československá akademie věd, |c 1954 | ||
| 300 | |a 318 s | ||
| 996 | |c I*Z19 |l I |s A |a 24 |w stu266890_0001 | ||